000 00341 a2200157 4500
001 62080
020 _a9788578480479
040 _cAnchieta - Pituba
100 _aDinis, Beatriz Crespo
240 1 0 _aAs quatro linhas
_lpor
245 1 0 _aAs quatro linhas
300 _a111
362 0 _a2010
650 4 _aLiteratura juvenil
942 _cBK
999 _c62080
_d62080